00346nam a2200145Ia 4500008004100000020001500041041001200056082001100068100002000079245004600099250000800145260002500153300000800178650001400186221030s9999 xx 000 0 und d a0070494886 aEnglish a105.23 aD. Ravichandran 0aProgramming With C ++cby D. Ravichandran a2nd bTMHaNew Delhic2009 a685 aComputers